000 00340 a2200169 4500
001 186776
020 _a85-262-3878-7
040 _cMagnum
100 _aClément, Claude
240 1 0 _aVovó luci
_lpor
245 1 0 _aVovó luci
300 _a30
362 0 _a2001
440 1 _aScipione
697 _aLITERATURA INFANTO
942 _cBK
999 _c186776
_d186776